Pyramída encyklopedický časopis moderného človeka

Na minha lista:
Detalhes bibliográficos
Formato: Periódico
Idioma:eslovaco
Publicado em: Bratislava Obzor
Tags: Adicionar Tag
Sem tags, seja o primeiro a adicionar uma tag!

MARC

LEADER 00000nas1a22000001 4500
001 s120610
005 20041019155346.2
041 0 |a slo 
044 |a SK 
245 1 0 |a Pyramída  |b encyklopedický časopis moderného človeka 
264 1 |a Bratislava  |b Obzor